El apocalipsis de San Juan
Guardat en:
| Autor principal: | |
|---|---|
| Format: | Llibre |
| Idioma: | espanyol |
| Publicat: |
Barcelona
Herder
1969
|
| Edició: | 1a. ed |
| Col·lecció: | Sección Sagrada Escritura, 100
|
| Matèries: | |
| Etiquetes: |
Afegir etiqueta
Sense etiquetes, Sigues el primer a etiquetar aquest registre!
|
MARC
| LEADER | 00000cam a2200000 a 4500 | ||
|---|---|---|---|
| 001 | UCE7594 | ||
| 003 | CL-VaPUC | ||
| 008 | 150626e19690000sp |||||||||||||||||spa|d | ||
| 082 | 0 | 4 | |a 226 |b WIK |2 21 |
| 100 | 0 | |a Wikenhauser, Alfred |e author |9 580267 | |
| 245 | 1 | 3 | |a El apocalipsis de San Juan |
| 250 | |a 1a. ed | ||
| 300 | |a 273 p | ||
| 942 | |c BK | ||
| 945 | |d 20150626 15:30:00 |a gsalatino | ||
| 260 | |a Barcelona |b Herder |c 1969 | ||
| 600 | 0 | |a San Juan Evangelista |9 337229 | |
| 650 | 0 | |a Literatura religiosa |9 266283 | |
| 650 | 0 | |a Teología |9 258766 | |
| 583 | |a last modification |c 20150626 15:30:00 |k Rodrigo Vera | ||
| 490 | 0 | |a Sección Sagrada Escritura, 100 | |
| 999 | |c 359649 |d 359647 | ||
| 952 | |0 0 |1 0 |3 erd |4 0 |6 226_000000000000000_WIK_1969 |7 0 |8 A |9 469042 |a BIBTEO |b BIBTEO |e Casale Rolle, Carlos Ignacio, -2014 |i 5183154 |o 226 WIK 1969 |p 5183154 |r 2025-01-17 |w 2019-11-23 |y BK |z Catalogado en:20150626 |k ICR | ||
| 952 | |0 0 |1 0 |3 erd |4 0 |6 226_000000000000000_WIK_1969 |7 0 |8 A |9 469043 |a BIBTEO |b BIBTEO |i 5411211 |o 226 WIK 1969 |p 5411211 |r 2025-01-17 |w 2019-11-23 |y BK |z Catalogado en:20170728 |k ICR | ||